000 00492nam a22001817a 4500
003 CEME
005 20210628203923.0
008 210308b xxu||||| |||| 00| 0 eng d
020 _a0-08-02-5467-
040 _c.
082 _a620.00151535 PAO'F
100 _aRao, S.S
_967853
245 _aThe finite element methods in engineering
260 _aOXFORD
_bPERGMAN PRESS
_c1982
300 _aXXVI, 625P
650 _aFINITE ELEMENT METHD ENGINEERING MATHEMATICS
_967854
942 _cBK
_2ddc
999 _c575541
_d575541